000
00273nam a22001097a 4500
082
_a
823
_b
DAM/M
100
_a
DAMI, ELISABETTA
245
_a
THE MOUSE ISLAND MARATHON
246
_a
THE MOUSE ISLAND MARATHON
_b
THE MOUSE ISLAND MARATHON
650
_a
ENGLISH STORY
942
_c
BK
999
_c
8877
_d
8877